000 02090cam a22005414i 4500
003 PE-LiUPU
005 20250731170436.0
008 150625s r 000 0 d
035 _a(Sirsi) a31792
040 _aPE-LiUPU
_bspa
_cPE-LiUPU
_erda
049 _aPRUA
082 0 4 _a155.422
_bP75
_221
100 1 _aPomerleau, Andree,
_eautor.
245 1 3 _aEl niño y su ambiente /
_cAndree Pomerleau.
264 1 _aMéxico :
_bTrillas,
_c1992.
300 _a
336 _atext
_2rdacontent
337 _aunmediated
_2rdamedia
338 _avolume
_2rdacarrier
505 0 _aEl organismo humano: Competencias basicas, Control y exploración del ambiente, El proceso de adquisición, Diversidad y variaciones interindividuales. - El ambiente: Intentos de definición del ambiente, Efectos del primer ambiente, Ambiente funcional y óptimo. - Un organismo social: Elementos de socialización, Formación de vinculos selectivos, Expresión y percepción de emociones, Imitación y moldeamiento, Diferenciación sexual de los comportamientos. - Los inicios del lenguaje: Lenguaje y comunicación, El sistema de recepción, El sistema de producción vocal, Conclusiones y prospectivas.
526 _aSEG68
526 _aSEG70
526 _aSEG69
526 _aSEG67
526 _aSEG43
526 _aP144
526 _aP143
526 _aP131
526 _aP122
526 _aP120
526 _aP117
526 _aP112
526 _aP110
526 _aP106
526 _aP101
526 _aP80
526 _aP59
526 _aP54
526 _aP35
526 _aP33
526 _aP30
942 _2ddc
_cBOOK
949 _a155.422 P75
_wDEWEY
_c1
_i36917
_lCCODEBUL1
_mBUL
_p00.00
_r0
_sY
_tBOOK
_u2015-06-25
_xBIBLIOTECA
_zUNKNOWN
_0COMPRA
_o.STAFF. Colección General
994 _aC0
_bPEPRU
596 _a1
999 _a155.422 P75
_wDEWEY
_c39379
_i36917
_d39379
_e2018-3-7
_f2021-11-3
_g6
_lCCODEBUL1
_mBUL
_n2
_r0
_sY
_tBOOK
_u2015-6-25
_xSALUD
_zUNKNOWN
_0COMPRA
_o.STAFF. Colección General
980 _81
_gALBERTO SANCHEZ Responsable de Automatización